[Event "Niederkassel- Ennepe- Ruhr"]
[Site "?"]
[Date "2022.11.13"]
[Round "4.4"]
[White "Konzen, Horst"]
[Black "Hess, Olena"]
[Result "1/2-1/2"]
[WhiteElo "1994"]
[BlackElo "2051"]
[PlyCount "20"]
[SourceVersionDate "2023.06.22"]

1. d4 d6 2. Nf3 Bg4 3. Bf4 Bxf3 4. gxf3 Nf6 5. e4 Nbd7 6. Nc3 e5 7. Be3 c6 8.
Be2 Be7 9. Qd2 Qa5 10. f4 exf4 1/2-1/2

[Event "Niederkassel- Ennepe- Ruhr"]
[Site "?"]
[Date "2022.11.13"]
[Round "4.5"]
[White "Schaefer, Martin"]
[Black "Kuhn, Andreas"]
[Result "0-1"]
[WhiteElo "1926"]
[BlackElo "1848"]
[Annotator "daniel"]
[PlyCount "100"]
[SourceVersionDate "2023.06.22"]

1. d4 Nf6 2. c4 e6 3. g3 d5 4. Nf3 c6 5. Bg2 Be7 6. O-O O-O 7. Qc2 b6 8. b3 Bb7
9. Rd1 Na6 10. Bf4 Bd6 11. Bxd6 Qxd6 12. Nbd2 Qe7 13. Ne5 Rac8 14. a3 c5 15.
dxc5 Nxc5 16. Qb2 Rfd8 17. a4 Ncd7 18. a5 Nxe5 19. Qxe5 bxa5 20. cxd5 Bxd5 21.
e4 Ba8 22. Qxa5 h6 23. e5 Bxg2 24. Kxg2 Qb7+ 25. Kh3 Rd5 26. Qxa7 Qxa7 27. Rxa7
Ne4 28. Nxe4 Rxd1 29. Nd6 Rb8 30. b4 f6 31. Re7 fxe5 32. Rxe6 Rxb4 33. Re8+ Kh7
34. Nf5 Rd2 35. Re7 Rxf2 36. Nxg7 Rbb2 37. Nh5+ Kg8 38. Rxe5 Rxh2+ 39. Kg4 Rb4+
40. Nf4 Kg7 41. Kf5 Kf7 42. Ra5 Rb7 43. Kg4 $11 Rh1 44. Rf5+ Kg7 45. Ne6+ Kh7
46. Nf4 Rg7+ 47. Kf3 Rg1 48. Nh5 Rf1+ 49. Ke4 Re7+ 50. Re5 Re1+ 0-1

[Event "Niederkassel- Ennepe- Ruhr"]
[Site "?"]
[Date "2022.11.13"]
[Round "4.6"]
[White "Neu, Martin"]
[Black "Nasoyan, Maksim"]
[Result "0-1"]
[WhiteElo "1696"]
[BlackElo "1874"]
[PlyCount "74"]
[SourceVersionDate "2023.06.22"]

1. Nf3 Nf6 2. g3 c5 3. c3 b6 4. Bg2 Bb7 5. d4 g6 6. dxc5 bxc5 7. Qb3 Qb6 8.
Nbd2 Bd5 9. c4 Bb7 10. O-O Bg7 11. Qc2 Nc6 12. e3 O-O 13. a3 Rab8 14. Rb1 a5
15. b3 Ng4 16. Bb2 Nce5 17. h3 Nxf3+ 18. Nxf3 Nf6 19. Nh4 d6 20. Bc3 Nd7 21.
Rb2 Bxg2 22. Nxg2 Qc6 23. Bxg7 Kxg7 24. Qc3+ Kg8 25. Nf4 e6 26. Nd3 Rb6 27. Rd1
Rfb8 28. b4 axb4 29. axb4 cxb4 30. Rxb4 Rxb4 31. Nxb4 Qa4 32. Nc2 Ne5 33. Rxd6
Rb1+ 34. Kh2 Qa8 35. Rd8+ Qxd8 36. Qxe5 Qd1 37. Qb8+ Rxb8 0-1

[Event "Niederkassel- Ennepe- Ruhr"]
[Site "?"]
[Date "2022.11.13"]
[Round "4.7"]
[White "Liesendahl, Felix"]
[Black "Pick, Stefan"]
[Result "1-0"]
[WhiteElo "1785"]
[BlackElo "1923"]
[PlyCount "53"]
[SourceVersionDate "2023.06.22"]

1. e4 d5 2. exd5 Nf6 3. Nf3 Nxd5 4. d4 Bg4 5. c4 Nb6 6. c5 N6d7 7. Be2 Nc6 8.
O-O e6 9. h3 Bh5 10. Nc3 Be7 11. Bf4 O-O 12. a3 a5 13. Qa4 Nf6 14. Rfd1 Nd5 15.
Bh2 f5 16. Qb3 Rb8 17. Nb5 Bf6 18. Bc4 Bxf3 19. Qxf3 Rf7 20. Rd2 Rc8 21. Re1
Qd7 22. Kf1 Re7 23. Rxe6 Rxe6 24. Qxd5 Qxd5 25. Bxd5 Nd8 26. Nxc7 Kf7 27. Re2
1-0

[Event "Köln 2- Holsterhausen"]
[Site "?"]
[Date "2022.11.13"]
[Round "4.1"]
[White "Langner, Jasper"]
[Black "Walbaum, Klaus"]
[Result "1/2-1/2"]
[WhiteElo "1980"]
[BlackElo "2117"]
[PlyCount "83"]
[SourceVersionDate "2023.06.22"]

1. e4 c5 2. Nc3 e6 3. Nge2 a6 4. a4 d6 5. g3 Nf6 6. Bg2 Be7 7. O-O O-O 8. d3
Nc6 9. h3 Rb8 10. f4 d5 11. g4 dxe4 12. dxe4 Qc7 13. e5 Rd8 14. Bd2 Nd5 15.
Nxd5 exd5 16. Be3 d4 17. Bf2 Be6 18. Ng3 Nb4 19. Qe2 b5 20. axb5 axb5 21. Rfd1
Bc4 22. Qe4 d3 23. cxd3 Nxd3 24. Rd2 Nxf2 25. Rxf2 Bh4 26. Kh2 Rd3 27. Bf3 g6
28. Rg2 Rd4 29. Qe3 Bxg3+ 30. Rxg3 Rbd8 31. Rg2 Rd3 32. Qe4 R3d7 33. Ra8 Bd5
34. Rxd8+ Qxd8 35. Qe3 c4 36. Bxd5 Rxd5 37. e6 fxe6 38. Qxe6+ Kg7 39. Qe4 Qd6
40. Qe3 Rd3 41. Qa7+ Qd7 42. Qb8 1/2-1/2

[Event "Köln 2- Holsterhausen"]
[Site "?"]
[Date "2022.11.13"]
[Round "4.3"]
[White "Kortenbusch, Christoph"]
[Black "Schwibbert, Jonas"]
[Result "0-1"]
[WhiteElo "2060"]
[BlackElo "1986"]
[PlyCount "38"]
[SourceVersionDate "2023.06.22"]

1. Nf3 Nf6 2. c4 c6 3. Nc3 d5 4. e3 e6 5. d4 Nbd7 6. Bd3 dxc4 7. Bxc4 b5 8. Bd3
Bd6 9. O-O O-O 10. e4 e5 11. Ne2 Bb7 12. Ng3 exd4 13. Nf5 Qc7 14. Bg5 c5 15.
Rc1 Bf4 16. N3xd4 Bxg5 17. Nxb5 Qf4 18. Rc3 Nxe4 19. Qh5 g6 0-1

[Event "Köln 2- Holsterhausen"]
[Site "?"]
[Date "2022.11.13"]
[Round "4.4"]
[White "Klemenz, Luca"]
[Black "Sicars, Thorsten"]
[Result "1/2-1/2"]
[WhiteElo "1922"]
[BlackElo "2017"]
[Annotator "daniel"]
[PlyCount "69"]
[SourceVersionDate "2023.06.22"]

1. d4 d6 2. Nf3 Nf6 3. c4 Nbd7 4. Nc3 e5 5. e4 Be7 6. Be2 O-O 7. O-O c6 8. Qc2
a6 9. Rd1 Qc7 10. h3 Re8 11. Be3 exd4 12. Nxd4 Bf8 13. Rac1 Nc5 14. Bf3 a5 15.
b3 g6 16. a3 Nfd7 17. b4 axb4 18. axb4 Na6 19. Qb3 Ne5 20. Be2 Be6 21. Nxe6
Rxe6 22. Ra1 Rae8 23. Ra2 Rd8 24. Rad2 h5 25. Bf1 Nd7 26. Bg5 Rde8 $11 27. c5
Nf6 28. cxd6 Bxd6 29. Bc4 Bxb4 30. Bxe6 Rxe6 31. Rd3 Qe7 32. Bxf6 Rxf6 33. Qc4
Qe5 34. Ne2 Bc5 35. Rf1 1/2-1/2

[Event "Köln 2- Holsterhausen"]
[Site "?"]
[Date "2022.11.13"]
[Round "4.5"]
[White "Bobzin, Pierre"]
[Black "Meertens, Martin"]
[Result "1/2-1/2"]
[WhiteElo "2112"]
[BlackElo "2098"]
[PlyCount "71"]
[SourceVersionDate "2023.06.22"]

1. Nf3 d5 2. g3 c5 3. Bg2 Nc6 4. O-O Nf6 5. d3 g6 6. Nbd2 Bg7 7. e4 O-O 8. Re1
b6 9. h3 e6 10. Nf1 Bb7 11. e5 Nd7 12. Bf4 d4 13. Qe2 h6 14. h4 Ne7 15. N1h2
Qc7 16. Ng4 h5 17. Nf6+ Kh8 18. Nxh5 Bxf3 19. Bxf3 gxh5 20. Bxa8 Rxa8 21. Qxh5+
Kg8 22. Bg5 Nd5 23. f4 Nf8 24. Qf3 Rc8 25. Qe4 Ne3 26. Re2 Nh7 27. Kf2 Qc6 28.
Qxc6 Rxc6 29. Kf3 f5 30. exf6 Bxf6 31. Rg1 e5 32. Ke4 Kf7 33. Rf2 Ng4 34. Re2
Ne3 35. Rf2 Ng4 36. Re2 1/2-1/2

[Event "Köln 2- Holsterhausen"]
[Site "?"]
[Date "2022.11.13"]
[Round "4.6"]
[White "Hendrix, Joachim"]
[Black "Lindenmaier, Reinhard"]
[Result "1/2-1/2"]
[WhiteElo "1953"]
[BlackElo "2076"]
[PlyCount "70"]
[SourceVersionDate "2023.06.22"]

1. Nf3 d6 2. g3 e5 3. d3 c5 4. Bg2 Nc6 5. a3 a5 6. a4 g6 7. O-O Bg7 8. e4 Nge7
9. c3 O-O 10. Na3 h6 11. Nd2 Be6 12. Nb5 Na7 13. Nc4 Nxb5 14. axb5 d5 15. exd5
Bxd5 16. f4 Bxg2 17. Kxg2 exf4 18. Bxf4 b6 19. Bd6 Ra7 20. Qe2 Rd7 21. Rae1 Re8
22. Qf3 Nf5 23. Rxe8+ Qxe8 24. Qc6 Qe6 25. Bf4 g5 26. Bc1 Rxd3 27. Nxb6 Ne3+
28. Bxe3 Qxe3 29. Rf2 Rd2 30. Qf3 Rxf2+ 31. Qxf2 Qe4+ 32. Qf3 Qc2+ 33. Qf2 Qe4+
34. Qf3 Qc2+ 35. Qf2 Qe4+ 1/2-1/2

[Event "Köln 2- Holsterhausen"]
[Site "?"]
[Date "2022.11.13"]
[Round "4.7"]
[White "Westendorp, Christian"]
[Black "Goldenstein, Arnd"]
[Result "1/2-1/2"]
[WhiteElo "1771"]
[BlackElo "1905"]
[PlyCount "82"]
[SourceVersionDate "2023.06.22"]

1. d4 d5 2. c4 e6 3. Nf3 Nf6 4. Bg5 Be7 5. Nc3 h6 6. Bh4 O-O 7. e3 b6 8. Bd3
Bb7 9. O-O c5 10. Qe2 Ne4 11. Bxe7 Qxe7 12. Ne5 Nc6 13. Bxe4 dxe4 14. Nxc6 Bxc6
15. d5 exd5 16. cxd5 Bd7 17. f3 exf3 18. gxf3 b5 19. Rac1 Rac8 20. Rfd1 Rfe8
21. e4 b4 22. Nb1 a6 23. Nd2 f5 24. Re1 fxe4 25. fxe4 Bb5 26. Nc4 Bxc4 27. Rxc4
Qe5 28. Qc2 Qd6 29. Rc1 Re5 30. Rxb4 Qg6+ 31. Kh1 Qg4 32. Rc4 Rg5 33. Rc3 Qf4
34. Qe2 Re8 35. Rxc5 Rxe4 36. Rc8+ Kh7 37. Qd3 Rxd5 38. Qg3 Qxg3 39. hxg3 Re2
40. R8c2 Rdd2 41. Rxd2 Rxd2 1/2-1/2

[Event "Euskirchen- Bochum 2"]
[Site "?"]
[Date "2022.11.13"]
[Round "4.1"]
[White "Kraemer, Matthias"]
[Black "Vandenbergen, Nicolas"]
[Result "0-1"]
[WhiteElo "2226"]
[BlackElo "2102"]
[Annotator "daniel"]
[PlyCount "79"]
[SourceVersionDate "2023.06.22"]

1. e4 c5 2. Nf3 e6 3. c3 Nf6 4. e5 Nd5 5. d4 cxd4 6. cxd4 d6 7. Bc4 Nc6 8. O-O
Be7 9. Qe2 O-O 10. Qe4 Ndb4 11. exd6 Qxd6 12. Nc3 Na5 13. Bb5 f5 14. Qe2 a6 15.
Ba4 b5 16. Bd1 Bf6 17. a4 bxa4 18. Bxa4 Nac6 19. Bb3 Bd7 20. g3 Nxd4 21. Nxd4
Bxd4 22. Bf4 Qb6 23. Rfd1 Rfe8 24. Be3 Nc6 25. Ba4 e5 26. Qc4+ Kh8 27. Bxd4
exd4 28. Nd5 Qb7 29. Qc5 Rab8 30. b3 $11 Ne5 31. Bxd7 Qxd7 32. Nf4 Rb5 33. Qa3
a5 34. Re1 Nf3+ 35. Kg2 Nxe1+ 36. Rxe1 Qc6+ 37. f3 Rbb8 38. Qxa5 Rxe1 39. Qxe1
Rxb3 40. Nd5 0-1

[Event "Euskirchen- Bochum 2"]
[Site "?"]
[Date "2022.11.13"]
[Round "4.2"]
[White "Neubauer, Juergen"]
[Black "Goralski, Christian"]
[Result "1-0"]
[WhiteElo "2056"]
[BlackElo "2143"]
[PlyCount "89"]
[SourceVersionDate "2023.06.22"]

1. e4 d5 2. exd5 Nf6 3. d4 Bg4 4. Be2 Bxe2 5. Nxe2 Qxd5 6. O-O Nc6 7. b3 O-O-O
8. c4 Qh5 9. Bb2 e6 10. Nd2 Bd6 11. Nf3 Ng4 12. h3 f5 13. c5 Bxc5 14. hxg4 fxg4
15. Nh2 Qf7 16. Nxg4 h5 17. Ne3 h4 18. Qc2 Bd6 19. Qe4 h3 20. g3 h2+ 21. Kh1
Ne7 22. Nc4 Nf5 23. Nxd6+ Nxd6 24. Qg2 Nf5 25. Rad1 Rh6 26. Qf3 Qd7 27. Bc1
Rhh8 28. Bf4 g5 29. Be5 Rh3 30. Rc1 c6 31. Rc5 Rf8 32. Qg2 Rh7 33. Rfc1 Ne7 34.
b4 Rhf7 35. f4 Kd8 36. b5 g4 37. bxc6 bxc6 38. Nc3 Nf5 39. Ne4 Rh7 40. Rxc6 Rh3
41. Rc7 Rf7 42. Rxd7+ Rxd7 43. Qc2 Ke7 44. Qc8 Nxg3+ 45. Nxg3 1-0

[Event "Euskirchen- Bochum 2"]
[Site "?"]
[Date "2022.11.13"]
[Round "4.3"]
[White "Hinkmann, Jens"]
[Black "Herzwurm, Robert"]
[Result "1-0"]
[WhiteElo "2088"]
[BlackElo "1937"]
[PlyCount "53"]
[SourceVersionDate "2023.06.22"]

1. e4 e6 2. d4 d5 3. e5 c5 4. c3 Nc6 5. Nf3 Bd7 6. Bd3 Rc8 7. O-O cxd4 8. Re1
Nge7 9. h4 Nf5 10. h5 h6 11. a3 b5 12. Bxf5 exf5 13. cxd4 Be6 14. Nc3 a6 15.
Qd3 Na5 16. Bf4 Be7 17. Ne2 Qd7 18. b3 g5 19. hxg6 fxg6 20. Bd2 Nc6 21. Nf4 Kf7
22. Rec1 Na7 23. a4 Rxc1+ 24. Bxc1 Rc8 25. Nxe6 Kxe6 26. axb5 Nxb5 27. Rxa6+
1-0

[Event "Euskirchen- Bochum 2"]
[Site "?"]
[Date "2022.11.13"]
[Round "4.4"]
[White "Brinkmann, Sven"]
[Black "Peters, Michael"]
[Result "1/2-1/2"]
[WhiteElo "2050"]
[BlackElo "1990"]
[Annotator "daniel"]
[PlyCount "64"]
[SourceVersionDate "2023.06.22"]

1. e4 c6 2. d4 d6 3. Nc3 Nf6 4. h3 Nbd7 5. Nf3 e5 6. Be3 Be7 7. a4 a5 8. Bc4
O-O 9. O-O Qc7 10. Qe2 Nxe4 11. Bxf7+ Rxf7 12. Nxe4 h6 13. dxe5 Nxe5 14. Nxe5
dxe5 15. Rad1 Bf5 16. Qc4 Rd8 17. Nc5 Re8 18. Rd2 Bxc5 19. Bxc5 Be6 20. Qh4 Rf4
21. Qg3 Rxa4 22. b3 Rf4 $11 23. Bd6 Qb6 24. Bxe5 Rf7 25. Re1 Qb4 26. Rde2 Bd7
27. Bc3 Qf8 28. Rxe8 Bxe8 29. Qb8 Re7 30. Rxe7 Qxe7 31. Bxa5 Kh7 32. Bc3 Bg6
1/2-1/2

[Event "Euskirchen- Bochum 2"]
[Site "?"]
[Date "2022.11.13"]
[Round "4.6"]
[White "Blumenthal, Ralf"]
[Black "Bautz, Volker"]
[Result "1/2-1/2"]
[WhiteElo "1875"]
[BlackElo "1693"]
[PlyCount "44"]
[SourceVersionDate "2023.06.22"]

1. f4 d6 2. Nf3 g6 3. g3 Nc6 4. Bg2 Bg7 5. c3 e5 6. d3 Bg4 7. Nbd2 Nge7 8. h3
Bd7 9. e4 exf4 10. gxf4 f5 11. O-O h6 12. Nc4 Be6 13. Ne3 O-O 14. Nc2 Qd7 15.
Kh2 Rae8 16. Be3 b6 17. Qe1 a5 18. Ncd4 Nxd4 19. Nxd4 c5 20. Nxe6 Qxe6 21. Qf2
Kh7 22. Rfe1 Qf7 1/2-1/2

[Event "Aachen 2- Welper"]
[Site "?"]
[Date "2022.11.13"]
[Round "4.1"]
[White "Schaller, Fabian"]
[Black "Coenen, Norbert"]
[Result "0-1"]
[WhiteElo "2050"]
[BlackElo "2267"]
[PlyCount "108"]
[SourceVersionDate "2023.06.22"]

1. Nf3 Nf6 2. b3 d5 3. Bb2 Bg4 4. g3 Nbd7 5. d4 e6 6. Nbd2 Be7 7. Bg2 O-O 8.
O-O c5 9. c4 Rc8 10. cxd5 Nxd5 11. e4 Nb4 12. Nc4 Nf6 13. a3 Nc6 14. e5 Nd5 15.
dxc5 Bxc5 16. b4 b5 17. Ncd2 Be7 18. h3 Bh5 19. Qe2 Qb6 20. Nb3 a5 21. bxa5
Nxa5 22. Nxa5 Qxa5 23. Rfc1 Rxc1+ 24. Bxc1 b4 25. Bd2 Qa4 26. Qc4 Ra8 27. Nd4
bxa3 28. Bxd5 exd5 29. Qxa4 Rxa4 30. Nb5 d4 31. Bc1 d3 32. Nxa3 Bxa3 33. Bxa3
d2 34. g4 Rxa3 35. Rd1 Bg6 36. Rxd2 Kf8 37. f4 Be4 38. Kh2 g6 39. Rd4 Bc6 40.
Rd6 Bb5 41. f5 Rd3 42. Rb6 Bd7 43. e6 fxe6 44. fxe6 Be8 45. Rb7 h5 46. gxh5
gxh5 47. Rc7 Re3 48. Kg2 Rxe6 49. Kf3 Rc6 50. Rh7 Rc3+ 51. Kg2 Bf7 52. Kh2 Re3
53. Kg2 Kg8 54. Rh6 Re6 0-1

[Event "Aachen 2- Welper"]
[Site "?"]
[Date "2022.11.13"]
[Round "4.2"]
[White "Lamby, Philipp"]
[Black "Linde, Wolfgang"]
[Result "1/2-1/2"]
[WhiteElo "2164"]
[BlackElo "2077"]
[PlyCount "34"]
[SourceVersionDate "2023.06.22"]

1. d4 d5 2. c4 e6 3. Nc3 Nf6 4. cxd5 exd5 5. Bg5 Be7 6. e3 O-O 7. Bd3 Re8 8.
Bxf6 Bxf6 9. Qh5 g6 10. Qxd5 Bxd4 11. Qxd8 Bxc3+ 12. bxc3 Rxd8 13. O-O-O Be6
14. Nf3 Nd7 15. Bb1 Nb6 16. Rxd8+ Rxd8 17. Rd1 Rxd1+ 1/2-1/2

[Event "Aachen 2- Welper"]
[Site "?"]
[Date "2022.11.13"]
[Round "4.3"]
[White "Schaller, Torsten"]
[Black "Huesmann, Thomas"]
[Result "1/2-1/2"]
[WhiteElo "1966"]
[BlackElo "2137"]
[PlyCount "93"]
[SourceVersionDate "2023.06.22"]

1. e4 e5 2. Nf3 Nc6 3. d4 exd4 4. Bc4 Nf6 5. e5 d5 6. Bb5 Nd7 7. O-O Be7 8.
Bxc6 bxc6 9. Nxd4 Nb8 10. Nc3 O-O 11. Qf3 Be6 12. Nce2 Qd7 13. Nxe6 Qxe6 14.
Qg3 c5 15. Nf4 Qc6 16. Qf3 Rd8 17. Re1 d4 18. Qh5 Qh6 19. Qxh6 gxh6 20. Nh5 Bf8
21. Nf6+ Kh8 22. Ng4 Nc6 23. Bxh6 Bxh6 24. Nxh6 Kg7 25. Nf5+ Kg6 26. Ng3 Nb4
27. Re2 c4 28. a3 Nd5 29. Re4 Ne7 30. Rg4+ Kh6 31. Rd1 c5 32. Ne4 Rd5 33. f4
Rb8 34. Nf6 Rxb2 35. Rg5 Ng6 36. Nxd5 Nxf4 37. Nxf4 Kxg5 38. e6 Kf6 39. exf7
Kxf7 40. Rc1 Kf6 41. Kf2 Ra2 42. Kf3 Rxa3+ 43. Ke4 Re3+ 44. Kd5 Kg5 45. g3 Rc3
46. Ne2 Re3 47. Nf4 1/2-1/2

[Event "Aachen 2- Welper"]
[Site "?"]
[Date "2022.11.13"]
[Round "4.4"]
[White "Meyer, Mario"]
[Black "Conrad, Joachim"]
[Result "1/2-1/2"]
[WhiteElo "2147"]
[BlackElo "2036"]
[PlyCount "97"]
[SourceVersionDate "2023.06.22"]

1. f4 e6 2. Nf3 Nf6 3. g3 b6 4. Bg2 Bb7 5. O-O c5 6. d3 d5 7. Qe1 Be7 8. Nc3
O-O 9. e4 d4 10. Nd1 Nc6 11. Nf2 Qc7 12. Qe2 Rae8 13. Bd2 a6 14. g4 Nd7 15. Nh1
b5 16. Ng3 Nb6 17. Qf2 Na4 18. b3 Nc3 19. Ne2 Nxe2+ 20. Qxe2 Nb4 21. c3 dxc3
22. Bxc3 Rd8 23. Ne1 Qb6 24. Kh1 Nc6 25. g5 Nd4 26. Qg4 f5 27. gxf6 Rxf6 28.
Bxd4 Rxd4 29. Qe2 Qc7 30. Nf3 Rd8 31. Ne5 Rh6 32. Rac1 Bd6 33. d4 Bxe5 34. dxe5
Qe7 35. Qf2 Rc8 36. Rc3 Qh4 37. Qxh4 Rxh4 38. h3 g5 39. Rg3 g4 40. Rxg4+ Rxg4
41. hxg4 c4 42. Rc1 c3 43. Kg1 b4 44. Kf2 Rd8 45. Rc2 a5 46. Bf3 Ba6 47. Ke3
Rd3+ 48. Kf2 Rd4 49. Ke3 1/2-1/2

[Event "Aachen 2- Welper"]
[Site "?"]
[Date "2022.11.13"]
[Round "4.5"]
[White "Hoettler, Alexander"]
[Black "Weinkauf, Viktor"]
[Result "1-0"]
[WhiteElo "1806"]
[BlackElo "1995"]
[PlyCount "67"]
[SourceVersionDate "2023.06.22"]

1. e4 c5 2. Nf3 a6 3. d4 cxd4 4. Nxd4 Nf6 5. Nc3 e5 6. Nb3 Bb4 7. Bd3 Bxc3+ 8.
bxc3 O-O 9. O-O d6 10. Bg5 Nbd7 11. Qe2 Qc7 12. Qd2 b6 13. f4 Bb7 14. Rae1 b5
15. Re3 Rfc8 16. Qe1 Qxc3 17. Qh4 Rc7 18. Rg3 exf4 19. Rxf4 Kf8 20. Rf1 Qe5 21.
Bf4 Qe7 22. Re3 Ne5 23. Bg5 Ng6 24. Qh3 Qe6 25. Qf3 Ne5 26. Qf4 Qg4 27. Bxf6
Qxf4 28. Bxg7+ Kxg7 29. Rxf4 Rg8 30. Nd4 Kf8 31. Ne6+ Ke7 32. Nxc7 Ng6 33. Rf1
Nh4 34. g3 1-0

[Event "Aachen 2- Welper"]
[Site "?"]
[Date "2022.11.13"]
[Round "4.7"]
[White "Heidt, Viktor"]
[Black "Breitkopf- Lazar, Patrick"]
[Result "0-1"]
[WhiteElo "1674"]
[BlackElo "1700"]
[PlyCount "122"]
[SourceVersionDate "2023.06.22"]

1. c4 e6 2. Nc3 d5 3. e3 Nf6 4. Nf3 c5 5. d4 Nc6 6. cxd5 exd5 7. Bb5 Be7 8.
dxc5 Bxc5 9. O-O O-O 10. h3 h6 11. a3 Be6 12. Ne2 Ne4 13. b4 Be7 14. Bb2 Bf6
15. Bxf6 Qxf6 16. Ned4 Rac8 17. Rc1 Ne5 18. Nxe5 Qxe5 19. Qd3 Qf6 20. Qe2 Rc3
21. Rxc3 Nxc3 22. Qd3 Ne4 23. f4 a6 24. Ba4 Bxh3 25. Rf3 Bf5 26. Nxf5 Qxf5 27.
Bb3 Rd8 28. Rf1 Ng3 29. Qxf5 Nxf5 30. Re1 d4 31. e4 Ne3 32. Kf2 Rc8 33. Rb1 Rc3
34. a4 Kf8 35. Bd5 Nxd5 36. exd5 Ke7 37. a5 Kd6 38. b5 Kxd5 39. bxa6 bxa6 40.
Rb7 Rc6 41. Rxf7 Rc5 42. Rxg7 Ke4 43. Rg6 Rxa5 44. Rxh6 Ra2+ 45. Ke1 Kxf4 46.
Rg6 a5 47. g4 Rg2 48. Ra6 Ke3 49. Re6+ Kd3 50. Ra6 Rg1+ 51. Kf2 Rxg4 52. Rxa5
Re4 53. Rc5 Re7 54. Ra5 Kd2 55. Ra2+ Kc3 56. Ra3+ Kc2 57. Ra2+ Kb3 58. Ra8 d3
59. Rb8+ Kc2 60. Rc8+ Kd1 61. Rd8 d2 0-1

[Event "Aachen 2- Welper"]
[Site "?"]
[Date "2022.11.13"]
[Round "4.8"]
[White "Rache, Ralf"]
[Black "Schaller, Kai"]
[Result "0-1"]
[WhiteElo "1931"]
[BlackElo "1449"]
[PlyCount "68"]
[SourceVersionDate "2023.06.22"]

1. e4 c5 2. Nf3 d6 3. d4 cxd4 4. Nxd4 Nf6 5. Nc3 g6 6. Be3 Bg7 7. f3 O-O 8. Qd2
Nc6 9. Bc4 Bd7 10. O-O-O Rc8 11. Bb3 Ne5 12. Kb1 Nc4 13. Bxc4 Rxc4 14. Nd5 Nxd5
15. exd5 Qc8 16. Rc1 b5 17. Nb3 Qa8 18. Rhd1 a5 19. Qe2 Rfc8 20. g4 a4 21. Nd4
Qxd5 22. Nf5 Qe5 23. Nxg7 Qxg7 24. c3 Qf8 25. Rd4 Be6 26. Rxc4 bxc4 27. Bd4 Rb8
28. Ka1 Qc8 29. h3 Qb7 30. f4 a3 31. bxa3 Bd5 32. a4 Be4 33. a3 Qb3 34. Qa2
Qxa4 0-1

[Event "Düsseldorf 2 -Lasker Köln 2"]
[Site "?"]
[Date "2022.11.13"]
[Round "4.1"]
[White "Mandt, Mathias"]
[Black "Harff, Marcel"]
[Result "1/2-1/2"]
[WhiteElo "2121"]
[BlackElo "2324"]
[PlyCount "47"]
[SourceVersionDate "2023.06.22"]

1. d4 Nf6 2. c4 e6 3. Nc3 Bb4 4. Qc2 c5 5. dxc5 O-O 6. Nf3 Bxc5 7. Bg5 Nc6 8.
e3 Be7 9. Be2 d5 10. O-O dxc4 11. Bxc4 a6 12. Rfd1 Qa5 13. a3 b5 14. Bd3 h6 15.
Bxf6 Bxf6 16. Ne4 Nb8 17. Nxf6+ gxf6 18. Be4 Ra7 19. Qc5 Qc7 20. Qh5 f5 21.
Qxh6 fxe4 22. Qg5+ Kh7 23. Qh5+ Kg8 24. Qg5+ 1/2-1/2

[Event "Düsseldorf 2 -Lasker Köln 2"]
[Site "?"]
[Date "2022.11.13"]
[Round "4.2"]
[White "Von Buenau, Heinrich"]
[Black "Strohmeyer, Jochen"]
[Result "1/2-1/2"]
[WhiteElo "2203"]
[BlackElo "2166"]
[PlyCount "60"]
[SourceVersionDate "2023.06.22"]

1. d4 Nf6 2. Nf3 d5 3. g3 g6 4. Bg2 Bg7 5. O-O O-O 6. c4 c5 7. cxd5 Nxd5 8. e4
Nf6 9. Nc3 cxd4 10. Nxd4 Bg4 11. Nde2 Nc6 12. Be3 Qxd1 13. Rfxd1 Rfd8 14. f3
Bd7 15. Rd2 b6 16. Rad1 Be6 17. Nf4 Bc4 18. b3 Ba6 19. Nfd5 Nxd5 20. Nxd5 Rdc8
21. Bh3 e6 22. Nf4 Rd8 23. Rxd8+ Rxd8 24. Rxd8+ Nxd8 25. Bf1 Bxf1 26. Kxf1 Kf8
27. Nd3 Nc6 28. f4 Ke7 29. e5 f6 30. exf6+ Bxf6 1/2-1/2

[Event "Düsseldorf 2- Lasker Köln 2"]
[Site "?"]
[Date "2022.11.13"]
[Round "4.3"]
[White "Diesner, Michael"]
[Black "Mueller, Michael"]
[Result "1/2-1/2"]
[WhiteElo "2008"]
[BlackElo "2192"]
[PlyCount "21"]
[SourceVersionDate "2023.06.22"]

1. Nf3 e6 2. g3 b5 3. Bg2 Bb7 4. d3 Nf6 5. O-O Be7 6. e4 d6 7. a4 a6 8. axb5
axb5 9. Rxa8 Bxa8 10. c3 Nc6 11. Qb3 1/2-1/2

[Event "Düsseldorf 2- Lasker Köln 2"]
[Site "?"]
[Date "2022.11.13"]
[Round "4.4"]
[White "Luncescu, Christian"]
[Black "Cmiel, Thorsten"]
[Result "0-1"]
[WhiteElo "2110"]
[BlackElo "2022"]
[PlyCount "62"]
[SourceVersionDate "2023.06.22"]

1. e4 e6 2. d4 d5 3. e5 c5 4. c3 Nc6 5. Be3 Qb6 6. Qd2 f6 7. f4 Nh6 8. Nf3 Bd7
9. Bd3 O-O-O 10. O-O Ng4 11. exf6 gxf6 12. Bf2 Nxf2 13. Qxf2 c4 14. Be2 Qxb2
15. Nbd2 Qxc3 16. Rfc1 Qa5 17. Kh1 Bb4 18. Bd1 Ba3 19. Rc2 b5 20. Nb1 Bd6 21.
g3 e5 22. dxe5 fxe5 23. Nc3 exf4 24. Nxd5 fxg3 25. hxg3 Rdf8 26. a4 Rhg8 27.
Rb1 b4 28. Qd2 Qc5 29. Be2 Rxg3 30. Rxc4 Rh3+ 31. Kg2 Rh2+ 0-1

[Event "Düsseldorf 2- Lasker Köln 2"]
[Site "?"]
[Date "2022.11.13"]
[Round "4.5"]
[White "Rosenkraenzer, Torsten"]
[Black "Berndt, Axel"]
[Result "1-0"]
[WhiteElo "2040"]
[BlackElo "2145"]
[PlyCount "59"]
[SourceVersionDate "2023.06.22"]

1. d4 Nf6 2. c4 c5 3. d5 b5 4. f3 g6 5. e4 d6 6. cxb5 Bg7 7. Ne2 a6 8. Nec3 O-O
9. a4 Nbd7 10. Na3 axb5 11. Bxb5 Ba6 12. Qe2 Bxb5 13. Naxb5 Ne8 14. Bg5 h6 15.
Bh4 Ndf6 16. O-O Nc7 17. Bf2 Nxb5 18. axb5 Rxa1 19. Rxa1 Qc7 20. Ra6 Nd7 21.
Qc4 f5 22. Qa4 fxe4 23. Qxe4 Nb8 24. b6 Qd8 25. Ra7 Rf7 26. Qe6 Bf8 27. Rc7 Kg7
28. Qc8 Qxc8 29. Rxc8 Na6 30. Ra8 1-0

[Event "Düsseldorf 2- Lasker Köln 2"]
[Site "?"]
[Date "2022.11.13"]
[Round "4.6"]
[White "Partenheimer, Axel"]
[Black "Fohler, Claus"]
[Result "1/2-1/2"]
[WhiteElo "2124"]
[BlackElo "2274"]
[PlyCount "41"]
[SourceVersionDate "2023.06.22"]

1. Nf3 f5 2. g3 Nf6 3. Bg2 g6 4. O-O Bg7 5. d4 O-O 6. b3 c5 7. Bb2 Ne4 8. c4
Nc6 9. e3 Qa5 10. a3 d6 11. Qc2 Bd7 12. Rd1 Rad8 13. Nc3 Nxc3 14. Bxc3 Qc7 15.
dxc5 dxc5 16. Bxg7 Kxg7 17. Qc3+ Kg8 18. h4 h6 19. b4 Be6 20. bxc5 Qa5 21. Qb2
1/2-1/2

[Event "Düsseldorf 2- Lasker Köln 2"]
[Site "?"]
[Date "2022.11.13"]
[Round "4.7"]
[White "Glaser, Steffen"]
[Black "Zimmermann, Rolf"]
[Result "0-1"]
[WhiteElo "1965"]
[BlackElo "2057"]
[PlyCount "118"]
[SourceVersionDate "2023.06.22"]

1. e4 c6 2. d4 d5 3. exd5 cxd5 4. Bd3 Nf6 5. Nf3 Bg4 6. c3 Nbd7 7. Nbd2 e6 8.
h3 Bh5 9. g4 Bg6 10. Bxg6 hxg6 11. Ne5 Nxe5 12. dxe5 Nd7 13. Qe2 Qc7 14. Nf3
Nc5 15. Qb5+ Qc6 16. Nd4 Qxb5 17. Nxb5 Kd7 18. Ke2 a6 19. Nd4 Be7 20. Be3 Rh7
21. Nf3 Rah8 22. Bxc5 Bxc5 23. h4 Be7 24. g5 f6 25. Rhg1 fxg5 26. hxg5 Rh3 27.
Rg3 Rxg3 28. fxg3 Rh5 29. g4 Rh8 30. Kf2 Bc5+ 31. Kg3 Be7 32. Rd1 b5 33. a3 Rc8
34. Rh1 a5 35. Rh7 Rg8 36. Kf4 b4 37. axb4 axb4 38. cxb4 Bxb4 39. Ke3 Ke7 40.
Kd3 Kf7 41. Rh2 Rb8 42. Rc2 Rb7 43. Rc6 Be7 44. Rc2 Rb3+ 45. Ke2 Rb4 46. Ke3
Rxg4 47. Rc7 Ke8 48. Nd4 Bd8 49. Rxg7 Bb6 50. Rxg6 Re4+ 51. Kf3 Bxd4 52. Rxe6+
Kf7 53. Rf6+ Ke7 54. Rf4 Rxf4+ 55. Kxf4 Ke6 56. b4 Bxe5+ 57. Kg4 d4 58. b5 Kd5
59. g6 Bg7 0-1